Top 10 des pays producteurs de vin par habitant - Statistiques

Statistiques générales
  • Ce quiz a été pris 222 fois
  • Le résultat moyen est 7 sur 10
Statistiques - réponses
kg / person Pays % Correct
64.7 France
99%
78.9 Italie
97%
99.1 Espagne
96%
58.0 Portugal
81%
35.1 Argentine
64%
30.7 Grèce
64%
50.5 Australie
62%
68.4 Chili
56%
71.0 Nouvelle-Zélande
41%
42.1 Moldavie
11%
Aucun quiz correspondant
Distribution des résultats
% des personnes avec chaque résultat
Percentile par nombre de réponses
Votre historique - résultats
Vous n’avez pas pris ce quiz